00377pab a2200145 454500008004000000100002100040245006100061260000900122300001300131362001000144650001300154650001200167700001800179773003400197180718b2008 xxu||||| |||| 00| 0 eng d aPatra, Soumyajit aIntegrative reconciliation: mothers in the nega movement c2008 ap.21-23. a8 Mar aViolence aMothers aManna, Samita aEconomic and Political Weekly